Polscy Europosłowie - Statystyki

Ogólne statystyki
  • Ten quiz został rozwiązany 111 razy
  • Średni wynik to 62 z 206
Statystyki odpowiedzi
liczba głosów lista okręg wyborczy kadencja odpowiedź % Poprawnych
525 811 PiS Małopolskie/Świętokrzyskie 2019-2024 Beata Szydło
82%
258 366 PiS Małopolskie/Świętokrzyskie 2019-2024 Patryk Jaki
77%
79 380 KE, SLD Wielkopolskie 2019-2024 Leszek Miller
74%
67 928 KNP Śląskie 2014-2019 Janusz Korwin Mikke
72%
96 388 Wiosna Warszawa 2019-2024 Robert Biedroń
72%
219 677 KE, SLD Warszawa 2019-2024 Włodzimierz Cimoszewicz
70%
182 517 KE, SLD Łódzkie 2019-2024 Marek Belka
68%
252 032 KE, PO Wielkopolskie 2019-2024 Ewa Kopacz
63%
168 337 PiS Dolnosląskie/Opolskie 2019-2024 Anna Zalewska
61%
422 445 KE, PO Śląskie 2019-2024 Jerzy Buzek
60%
393 117 PO Śląskie 2009-2014 Jerzy Buzek
60%
254 319 PO Śląskie 2014-2019 Jerzy Buzek
60%
173 389 PO Śląskie 2004-2009 Jerzy Buzek
60%
129 339 KE, PO Kuj.-Pom. 2019-2024 Radosław Sikorski
58%
239 893 KE, PO Lubuskie/Zach.-Pom. 2019-2024 Bartosz Arłukowicz
56%
209 305 PiS Dolnośląskie/Opolskie 2019-2024 Beata Kempa
56%
70 916 PiS Lubuskie/Zach.-Pom. 2019-2024 Elżbieta Rafalska
56%
134 629 PiS Warszawa 2019-2024 Ryszard Czarnecki
56%
84 228 PiS Wielkopolskie 2014-2019 Ryszard Czarnecki
56%
31 717 Samoobrona Dolnośląskie/Opolskie 2004-2009 Ryszard Czarnecki
56%
27 106 PiS Kuj.-Pom. 2009-2014 Ryszard Czarnecki
56%
105 908 KE, PSL Lubelskie 2019-2024 Krzysztof Hetman
54%
24 862 PSL Lubelskie 2014-2019 Krzysztof Hetman
54%
221 279 KE, PO Małopolskie/Świętokrzyskie 2019-2024 Róża Thun
54%
153 966 PO Małopolskie/Świętokrzyskie 2009-2014 Róża Thun
54%
125 738 PO Małopolskie/Świętokrzyskie 2014-2019 Róża Thun
54%
335 933 PiS Małopolskie/Świętokrzyskie 2009-2014 Zbigniew Ziobro
53%
138 854 KE, PSL Małopolskie/Świętokrzyskie 2019-2024 Adam Jarubas
51%
409 373 PiS Śląskie 2019-2024 Jadwiga Wiśniewska
51%
44 763 PiS Śląskie 2014-2019 Jadwiga Wiśniewska
51%
48 783 Wiosna Śląskie 2019-2024 Łukasz Kohut
49%
81 201 PiS Małopolskie/Świętokrzyskie 2014-2019 Ryszard Legutko
49%
65 710 PiS Małopolskie/Świętokrzyskie 2019-2024 Ryszard Legutko
49%
64 743 PiS Dolnośląskie/Opolskie 2009-2014 Ryszard Legutko
49%
55 306 Wiosna Wielkopolskie 2019-2024 Sylwia Spurek
49%
97 996 PiS Małopolskie/Świętokrzyskie 2014-2019 Andrzej Duda
47%
184 054 PiS Podlaskie/Warm.-Maz. 2019-2024 Karol Karski
47%
67 997 PiS Podlaskie/Warm.-Maz. 2014-2019 Karol Karski
47%
104 216 KE, PSL Mazowieckie 2019-2024 Jarosław Kalinowski
46%
50 014 PSL Mazowieckie 2009-2014 Jarosław Kalinowski
46%
33 879 PSL Mazowieckie 2014-2019 Jarosław Kalinowski
46%
27 995 KNP Małopolskie/Świętokrzyskie 2014-2019 Stanisław Żółtek
46%
62 929 PiS Podlaskie/Warm.-Maz. 2009-2014 Jacek Kurski
44%
307 227 KE, PO Dolnośląskie/Opolskie 2019-2024 Janina Ochojska
44%
185 168 PiS Lubuskie/Zach.-Pom. 2019-2024 Joachim Brudziński
44%
199 591 KE, PO Pomorskie 2019-2024 Magdalena Adamowicz
44%
25 178 PO Warszawa 2009-2014 Rafał Trzaskowski
44%
168 021 PiS Łódzkie 2019-2024 Witold Waszczykowski
44%
207 845 PiS Mazowieckie 2019-2024 Adam Bielan
42%
71 497 PiS Małopolskie/Świętokrzyskie 2004-2009 Adam Bielan
42%
61 305 PiS Mazowieckie 2009-2014 Adam Bielan
42%
162 426 PO Dolnośląskie/Opolskie 2014-2019 Bogdan Zdrojewski
42%
114 319 UW Warszawa 2004-2009 Bronisław Geremek
42%
311 018 PO Warszawa 2009-2014 Danuta Hubner
42%
225 546 PO Warszawa 2014-2019 Danuta Hubner
42%
146 746 KE, PO Warszawa 2019-2024 Danuta Hubner
42%
186 851 PiS Warszawa 2019-2024 Jacek Saryusz Wolski
42%
125 111 PO Łódzkie 2009-2014 Jacek Saryusz Wolski
42%
97 551 PO Łódzkie 2014-2019 Jacek Saryusz Wolski
42%
66 589 PO Łódzkie 2004-2009 Jacek Saryusz Wolski
42%
99 897 KE, SLD Lubuskie/Zach.-Pom. 2019-2024 Bogusław Liberadzki
40%
69 909 SLD Lubuskie/Zach.-Pom. 2009-2014 Bogusław Liberadzki
40%
43 348 SLD Lubuskie/Zach.-Pom. 2014-2019 Bogusław Liberadzki
40%
25 335 SLD Lubuskie/Zach.-Pom. 2004-2009 Bogusław Liberadzki
40%
125 845 KE, PO Podlaskie/Warm.-Maz. 2019-2024 Tomasz Frankowski
40%
164 034 PiS Wielkopolskie 2019-2024 Zdzisław Krasnodębski
40%
96 292 PiS Warszawa 2014-2019 Zdzisław Krasnodębski
40%
87 422 KE, PO Warszawa 2019-2024 Andrzej Halicki
39%
204 693 PiS Lubelskie 2019-2024 Beata Mazurek
39%
33 559 PSL Małopolskie/Świętokrzyskie 2009-2014 Czesław Siekierski
39%
27 843 PSL Małopolskie/Świętokrzyskie 2014-2019 Czesław Siekierski
39%
21 778 PSL Małopolskie/Świętokrzyskie 2004-2009 Czesław Siekierski
39%
60 011 PO Podkarpackie 2009-2014 Elżbieta Łukacijewska
39%
41 867 PO Podkarpackie 2014-2019 Elżbieta Łukacijewska
39%
40 737 KE, PO Podkarpackie 2019-2024 Elżbieta Łukacijewska
39%
276 014 PiS Podkarpackie 2019-2024 Tomasz Poręba
39%
113 704 PiS Podkarpackie 2014-2019 Tomasz Poręba
39%
85 475 PiS Podkarpackie 2009-2014 Tomasz Poręba
39%
76 953 PiS Wielkopolskie 2019-2024 Andżelika Możdżanowska
37%
160 517 PiS Pomorskie 2019-2024 Anna Fotyga
37%
56 677 PiS Pomorskie 2014-2019 Anna Fotyga
37%
25 994 PiS Pomorskie 2004-2009 Anna Fotyga
37%
164 108 PiS Lubelskie 2019-2024 Elżbieta Kruk
37%
59 511 PO Warszawa 2004-2009 Paweł Piskorski
37%
41 521 PiS Pomorskie 2009-2014 Tadeusz Cymański
37%
134 975 PiS Łódzkie 2014-2019 Janusz Wojciechowski
35%
56 292 PiS Łódzkie 2009-2014 Janusz Wojciechowski
35%
28 349 PSL Łódzkie 2004-2009 Janusz Wojciechowski
35%
107 113 PiS Kuj.-Pom. 2019-2024 Kosma Złotowski
35%
41 188 PiS Kuj.-Pom. 2014-2019 Kosma Złotowski
35%
54 864 PiS Lubuskie/Zach.-Pom. 2014-2019 Marek Gróbarczyk
35%
41 409 PiS Lubuskie/Zach.-Pom. 2009-2014 Marek Gróbarczyk
35%
134 405 PiS Mazowieckie 2019-2024 Zbigniew Kuźmiuk
35%
69 035 PiS Mazowieckie 2014-2019 Zbigniew Kuźmiuk
35%
17 554 PSL Mazowieckie 2004-2009 Zbigniew Kuźmiuk
35%
50 332 PiS Małopolskie/Świętokrzyskie 2014-2019 Beata Gosiewska
33%
81 465 PO Małopolskie/Świętokrzyskie 2004-2009 Bogdan Klich
33%
68 953 LPR Śląskie 2004-2009 Maciej Giertych
33%
72 854 SLD Warszawa 2009-2014 Wojciech Olejniczak
33%
65 007 PiS Śląskie 2019-2024 Grzegorz Tobiszowski
32%
77 611 KE, PO Dolnośląskie/Opolskie 2019-2024 Jarosław Duda
32%
73 968 PO Pomorskie 2009-2014 Jarosław Wałęsa
32%
55 898 PO Pomorskie 2014-2019 Jarosław Wałęsa
32%
107 413 PO Lubuskie/Zach.-Pom. 2009-2014 Sławomir Nitras
32%
105 417 LPR Małopolskie/Świętokrzyskie 2004-2009 Bogdan Pęk
30%
84 686 PO Lubuskie/Zach.-Pom. 2014-2019 Dariusz Rosati
30%
76 834 SDPL Warszawa 2004-2009 Dariusz Rosati
30%
50 155 UW Małopolskie/Świętokrzyskie 2004-2009 Janusz Onyszkiewicz
30%
99 702 PiS Warszawa 2004-2009 Michał Kamiński
30%
88 791 PiS Warszawa 2009-2014 Michał Kamiński
30%
84 904 PiS Lubelskie 2009-2014 Mirosław Piotrowski
30%
73 465 PiS Lubelskie 2014-2019 Mirosław Piotrowski
30%
48 365 LPR Lubelskie 2004-2009 Mirosław Piotrowski
30%
18 614 PiS Małopolskie/Świętokrzyskie 2009-2014 Paweł Kowal
30%
120 990 KE, PO Pomorskie 2019-2024 Janusz Lewandowski
28%
107 814 PO Pomorskie 2014-2019 Janusz Lewandowski
28%
107 529 PO Pomorskie 2009-2014 Janusz Lewandowski
28%
79 879 PO Pomorskie 2004-2009 Janusz Lewandowski
28%
43 661 SLD Małopolskie/Świętokrzyskie 2009-2014 Joanna Senyszyn
28%
40 028 PiS Wielkopolskie 2004-2009 Marcin Libicki
28%
28 546 PSL Wielkopolskie 2009-2014 Andrzej Grzyb
26%
26 805 PSL Wielkopolskie 2014-2019 Andrzej Grzyb
26%
52 329 PO Małopolskie/Świętokrzyskie 2009-2014 Bogusław Sonik
26%
20 790 PO Małopolskie/Świetokrzyskie 2004-2009 Bogusław Sonik
26%
164 898 PO Dolnośląskie/Opolskie 2009-2014 Jacek Protasiewicz
25%
92 770 PO Dolnośląskie/Opolskie 2004-2009 Jacek Protasiewicz
25%
53 364 PiS Wielkopolskie 2009-2014 Konrad Szymański
25%
27 499 PiS Dolnośląskie/Opolskie 2004-2009 Konrad Szymański
25%
51 529 PO Warszawa 2009-2014 Paweł Zalewski
25%
118 964 PiS Śląskie 2014-2019 Bolesław Piecha
23%
48 945 PiS Dolnośląskie/Opolskie 2014-2019 Kazimierz Ujazdowski
23%
66 505 PiS Warszawa 2014-2019 Marek Jurek
23%
130 358 PiS Łódzkie 2019-2024 Joanna Kopcińska
21%
45 043 KE, SLD Śląskie 2019-2024 Marek Balt
21%
69 852 PO Wielkopolskie 2014-2019 Adam Szejnfeld
19%
79 942 PiS Dolnośląskie/Opolskie 2014-2019 Dawid Jackiewicz
19%
127 963 PO Wielkopolskie 2009-2014 Filip Kaczmarek
18%
44 700 PO Wielkopolskie 2004-2009 Filip Kaczmarek
18%
112 881 PiS Śląskie 2009-2014 Marek Migalski
18%
16 937 SLD Małopolskie/Świętokrzyskie 2004-2009 Andrzej Szejna
16%
64 113 PiS Podkarpackie 2019-2024 Bogdan Rzońca
16%
69 009 KE, PO Śląskie 2019-2024 Jan Olbrycht
16%
47 470 PO Śląskie 2009-2014 Jan Olbrycht
16%
34 267 PO Śląskie 2014-2019 Jan Olbrycht
16%
34 204 PO Śląskie 2004-2009 Jan Olbrycht
16%
104 592 PiS Podlaskie/Warm.-Maz. 2019-2024 Krzysztof Jurgiel
16%
69 776 SLD Kuj.-Pom. 2009-2014 Janusz Zemke
14%
62 118 SLD Kuj.-Pom. 2014-2019 Janusz Zemke
14%
37 269 PO Mazowieckie 2014-2019 Julia Pitera
14%
30 910 PO Warszawa 2014-2019 Michał Boni
14%
69 168 SLD Śląskie 2004-2009 Adam Gierek
12%
69 014 SLD Śląskie 2009-2014 Adam Gierek
12%
56 237 SLD Śląskie 2014-2019 Adam Gierek
12%
78 352 PiS Śląskie 2019-2024 Izabela Kloc
12%
20 538 KNP Warszawa 2014-2019 Michał Marusik
12%
29 605 UW Śląskie 2004-2009 Grażyna Staniszewska
11%
43 609 Samoobrona Mazowieckie 2004-2009 Marek Czarnecki
11%
9 268 PO Śląskie 2014-2019 Marek Plura
11%
35 504 PO Dolnośląskie/Opolskie 2009-2014 Piotr Borys
11%
29 505 KNP Dolnośląskie/Opolskie 2014-2019 Robert Iwaszkiewicz
11%
82 794 PO Kuj.-Pom. 2009-2014 Tadeusz Zwiefka
11%
43 918 PO Kuj.-Pom. 2014-2019 Tadeusz Zwiefka
11%
26 144 PO Kuj.-Pom. 2004-2009 Tadeusz Zwiefka
11%
62 329 PO Dolnośląskie/Opolskie 2009-2014 Danuta Jazłowiecka
9%
38 652 PO Dolnośląskie/Opolskie 2014-2019 Danuta Jazłowiecka
9%
5 610 PiS Małopolskie/Świętokrzyskie 2009-2014 Jacek Włosowicz
9%
18 381 SDPL Dolnośląskie/Opolskie 2004-2009 Józef Pinior
9%
42 441 SLD Wielkopolskie 2014-2019 Krystyna Łybacka
9%
65 693 SLD Dolnośląskie/Opolskie 2009-2014 Lidia Geringer
9%
53 790 SLD Dolnośląskie/Opolskie 2014-2019 Lidia Geringer
9%
35 254 SLD Dolnośląskie/Opolskie 2004-2009 Lidia Geringer
9%
64 976 SLD Wielkopolskie 2009-2014 Marek Siwiec
9%
36 985 SLD Wielkopolskie 2004-2009 Marek Siwiec
9%
66 419 PO Wielkopolskie 2014-2019 Agnieszka Kozłowska Rajewicz
7%
61 418 PO Podlaskie/Warm.-Maz. 2014-2019 Barbara Kudrycka
7%
50 129 PO Podlaskie/Warm.-Maz. 2004-2009 Barbara Kudrycka
7%
14 191 Samoobrona Łódzkie 2004-2009 Bogdan Golik
7%
38 960 PO Małopolskie/Świętokrzyskie 2014-2019 Bogdan Wenta
7%
31 419 SDPL Śląskie 2004-2009 Genowefa Grabowska
7%
45 417 PO Mazowieckie 2009-2014 Jolanta Hibner
7%
40 371 LPR Dolnośląskie/Opolskie 2004-2009 Sylwester Chruszcz
7%
27 901 LPR Łódzkie 2004-2009 Urszula Krupa
7%
24 403 PO Lubelskie 2004-2009 Zbigniew Zaleski
7%
40 256 PO Lubuskie/ Zach.-Pom. 2004-2009 Zdzisław Chmielewski
7%
22 358 PSL Lubelskie 2004-2009 Zdzisław Podkański
7%
25 875 PO Lubuskie/Zach.-Pom. 2009-2014 Artur Zasada
5%
42 006 LPR Mazowieckie 2004-2009 Dariusz Grabowski
5%
32 356 PO Łódzkie 2009-2014 Joanna Skrzydlewska
5%
47 339 PO Lubelskie 2009-2014 Lena Kolarska Bobińska
5%
41 697 PO Śląskie 2009-2014 Małgorzata Handzlik
5%
30 030 PO Śląskie 2004-2009 Małgorzata Handzlik
5%
31 192 PiS Podkarpackie 2004-2009 Mieczysław Janowski
5%
64 944 PO Wielkopolskie 2009-2014 Sidonia Jędrzejewska
5%
36 376 PiS Podkarpackie 2014-2019 Stanisław Ożóg
5%
13 944 Samoobrona Lubelskie 2004-2009 Wiesław Kuc
5%
47 260 LPR Wielkopolskie 2004-2009 Witold Tomczak
5%
26 995 PiS Śląskie 2004-2009 Wojciech Roszkowski
5%
10 481 PO Śląskie 2009-2014 Bogdan Marcinkiewicz
4%
32 087 LPR Podlaskie/Warm.-Maz. 2004-2009 Bogusław Rogalski
4%
28 311 LPR Podkarpackie 2004-2009 Filip Adwent
4%
50 390 UW Wielkopolskie 2004-2009 Jan Kułakowski
4%
24 202 Samoobrona Wielkopolskie 2004-2009 Jan Masiel
4%
66 685 PO Podlaskie/Warm.-Maz. 2009-2014 Krzysztof Lisek
4%
22 528 Samoobrona Małopolskie/Świętokrzyskie 2004-2009 Leopold Rutowicz
4%
17 754 PO Dolnośląskie/Opolskie 2004-2009 Stanisław Jałowiecki
4%
46 198 LPR Warszawa 2004-2009 Wojciech Wierzejski
4%
Nie znaleziono quizów pasujących do podanych kryteriów
Rozkład punktacji
Procent ludzi z każdym wynikiem
Percentyl według liczby udzielonych odpowiedzi
Twoja historia wyników
Nie rozwiązałeś tego quizu